Sónoman : el hombre del Poder-Músico-Mental /

Cuando en 1966 le pidieron a Osvaldo Walter Viola, más conocido por el seudónimo Oswal, un personaje para la revista Anteojito, creó a Sónoman, cuyas aventuras lo han convertido en el primer superhéroe al estilo norteamericano realizado en la Argentina. En este volumen se recopilan las tiras publica...

Descripción completa

Guardado en:
Autor Principal: Oswal.
Formato: Libro
Idioma:Undetermined
Publicado: Buenos Aires : De la flor, 2023.
Edición:1a ed.
Series:Identidades bonaerenses
Materias:
Etiquetas: Agregar Etiqueta
Sin Etiquetas, Sea el primero en etiquetar este registro!
LEADER 01570nam a22002655a 4500
001 CEM.cems024816
008 250716s2023####ag############000#0#und#d
005 20250822130232.0
245 1 0 |a Sónoman :  |b el hombre del Poder-Músico-Mental /  |c Oswal. 
250 |a 1a ed. 
260 |a Buenos Aires :  |b De la flor,  |c 2023. 
300 |a 93 p. 
490 1 |a Identidades bonaerenses 
500 |a Edición especial de la Dirección de Cultura y Educación de la Provincia de Buenos Aires. 
500 |a Sugerencia de edad: a partir de ciclo básico. 
520 |a Cuando en 1966 le pidieron a Osvaldo Walter Viola, más conocido por el seudónimo Oswal, un personaje para la revista Anteojito, creó a Sónoman, cuyas aventuras lo han convertido en el primer superhéroe al estilo norteamericano realizado en la Argentina. En este volumen se recopilan las tiras publicadas en su momento. Sónoman no es el único superhéroe argentino, pero sí uno que merece reconocimiento y llegada a las nuevas generaciones. Se trata de un clásico de creación bonaerense que tendrá gran influencia sobre la producción de historietas posteriores. 
020 |a 9789505158911 
100 1 |a Oswal. 
653 |a Literatura argentina 
653 |a Historieta 
653 |a Identidades bonaerenses 
859 |a CEMS  |b BIB. CEMS - Agricultura  |h A867.4  |i Os9  |p A3975.25  |t Ej.1 
859 |a CEMS  |b BIB. CEMS - Ccias. Educacion  |h A867.4  |i Os9  |k CE  |p 30294.25  |t Ej.1 
859 |a CEMS  |b BIB. CEMS - 11 de abril  |h A867.4  |i Os9  |p 30292.25  |t Ej.1 
859 |a CEMS  |b BIB. CEMS - 11 de abril  |h A867.4  |i Os9  |p 30293.25  |t Ej.2